Migraciones y vulnerabilidad : alcance y protección /

Bibliographic Details
Main Author: Abrisketa, Joana (Author)
Other Authors: La Spina, Encarnación (Editor)
Format: Electronic eBook
Language:Spanish
Published: Bilbao : Publicaciones de la Universidad de Deusto, 2021.
Series:Cuadernos Deusto de derechos humanos ; núm. 97.
Subjects:
Online Access:Digitalia Hispánica

MARC

LEADER 00000nam a2200000Ii 4500
001 DIGDEU0226
003 NyNyDIG
006 m o d
007 cr |||||||||||
008 241203s2021 sp ob 000 0 spa d
035 |a (OCoLC)1475658145 
040 |a DGITA  |b eng  |e rda  |e pn  |c DGITA 
020 |z 9788413251387 
043 |a e------ 
050 1 4 |a JV7590 ebook 
245 0 0 |a Migraciones y vulnerabilidad :  |b alcance y protección /  |c Encarnación La Spina (coord.) ; Joana Abrisketa Uriarte [and 11 others]. 
264 1 |a Bilbao :  |b Publicaciones de la Universidad de Deusto,  |c 2021. 
300 |a 1 online resource. 
336 |a text  |b txt  |2 rdacontent 
337 |a computer  |b c  |2 rdamedia 
338 |a online resource  |b cr  |2 rdacarrier 
347 |a text file  |2 rdaft 
347 |b PDF 
500 |a "DeustoDigital, Instituto de Derechos Humanos, Pedro Arrupe, Giza Eskubideen Institutua"--Cover. 
490 1 |a Cuadernos Deusto de derechos humanos ;  |v núm. 97 
504 |a Includes bibliographical references. 
588 0 |a Online resource; title from PDF title page (Digitalia, viewed December 3, 2024) 
650 0 |a Refugees  |x Legal status, laws, etc.  |z European Union countries. 
650 0 |a Refugees  |x Government policy  |z European Union countries. 
651 0 |a European Union countries  |x Emigration and immigration  |x Government policy. 
700 1 |a La Spina, Encarnación,  |e editor. 
700 1 |a Abrisketa, Joana,  |e author. 
791 2 |a Digitalia (Firm),  |e distributor. 
793 0 |g Digitalia eBook Collection:  |a Universidad de Deusto 
776 0 8 |i Print version:  |t Migraciones y vulnerabilidad.  |d Bilbao : Publicaciones de la Universidad de Deusto, [2021]  |z 9788413251387 
830 0 |a Cuadernos Deusto de derechos humanos ;  |v núm. 97. 
856 4 0 |3 Digitalia Hispánica  |u https://www.digitaliapublishing.com/a/163563/ 
910 |a Premium collection: 2024